000 01879cam a2200445 i 4500
001 28602
003 Mx-PuUPA
005 20251016135655.0
008 140415s2004 pe ab gr 000 0 spa d
017 _a1501052004-9105
020 _a9972511162
040 _cMx-PuUPA
_aMx-PuUPA
_bspa
_dMx-PuUPA
_erda
041 1 _aspa
_heng
043 _as-pe---
043 _acl-----
100 1 _aMayer, Enrique,
_d1944-
_917579
_eautor
240 1 4 _aThe articulated peasant : Household economies in the Andes.
_lEspañol
245 1 0 _aCasa, chacra y dinero :
_beconomías domésticas y ecología en los Andes /
_cEnrique Mayer ; traducción de Javier Flores Espinoza
250 _aPrimera edición /
_bdiciembre
264 1 _aLima, Perú :
_bIEP Ediciones,
_c2004
300 _a412 páginas :
_bilustraciones, mapas, diagramas ;
_c23 cm
336 _2rdacontent
_atexto
_btxt
336 _2rdacontent
_aimagen fija
_bsti
337 _2rdamedia
_asin medio
_bn
338 _2rdacarrier
_avolumen
_bnc
490 0 _aEstudios de la Sociedad Rural ;
_v28
650 7 _2armarc
_aHistoria económica
_zPerú
_xHistoria
650 7 _2armarc
_aEconomía doméstica
_zPerú
_xHistoria
650 7 _2armarc
_aEncomiendas (Latinoamérica)
_xHistoria
650 7 _2armarc
_aEconomía doméstica rural
_zPerú
_xHistoria
650 7 _2armarc
_aAgricultura
_xAspectos económicos
_zPerú
650 7 _2armarc
_aIndígenas de Sudamérica
_zPerú
_xCondiciones económicas
650 7 _2armarc
_aUso de la tierra rural
_zPerú
_xHistoria
700 1 _aFlores Espinoza, Javier,
_etraductor
765 0 _aMayer, Enrique, 1944-
_dU.S.A. : Perseus Books, 2002
_tThe articulated peasant : Household economies in the Andes.
942 _2ddc
_cLI
_h330.98506
_iM4618
999 _c28602
_d28602